000 004120000a22001810004500
003 MACL
005 20160102151132.0
008 160102b xxu||||| |||| 00| 0 eng d
040 _aMACL
_cMACL
041 _aEnglish
082 _a700/JUD
100 _aJudith
_927237
245 _aChinese Art
260 _bThames and Hudson
_aNew Delhi
350 _a35
650 _aArts
_927238
942 _cBK
_k700/JUD
_2ddc
999 _c35256
_d35256